| 000 | 01209nam a2200277 i 4500 | ||
|---|---|---|---|
| 001 | 190345 | ||
| 003 | SpMaBN | ||
| 005 | 20251005063142.0 | ||
| 008 | 201111s1976 sp |||| | spa d | ||
| 080 | _a329(46) Falange Española(043.2) | ||
| 100 | 1 |
_aBrocà, Salvador de, _d1940- _9161515 |
|
| 245 | 1 | 0 |
_aAntecedentes filosóficos del pensamiento de José Antonio Primo de Rivera y de Ramiro Ledesma / _cSalvador de Brocá Tella. |
| 260 |
_aBarcelona : _bUniversidad Barcelona, [Facultad de Filosofía y Letras], _c1976. |
||
| 300 |
_a23 p. ; _c24 cm. |
||
| 500 | _aReferencias bibliográficas. | ||
| 502 | _aTesis-Univ. Barcelona (Extracto) | ||
| 594 | _aPrecede al tít.: Universidad de Barcelona. Secretariado de Publicaciones, Intercambio Científico y Extensión Universitaria. | ||
| 600 | 1 | 4 |
_aPrimo de Rivera, José Antonio, _d1903-1936 _9142533 |
| 600 | 1 | 4 |
_aLedesma Ramos, Ramiro, _d1905-1936 _971157 |
| 610 | 2 | 4 |
_aFalange Española. _94083 |
| 655 |
_aTesis y escritos académicos _9226867 |
||
| 710 | 2 |
_aUniversidad de Barcelona. _bFacultad de Filosofía y Letras. _97149 |
|
| 852 | 4 |
_aES-MaACL _jP-1415 (97) _9197553 _bR-68610 _cDEPO2 |
|
| 942 | _2udc | ||
| 999 |
_c190345 _d190345 |
||